书目信息 |
| 题名: |
信息理论基础习题集
|
|
| 作者: | 陈杰 , 徐华平 , 周荫清 编著 | |
| 分册: | ||
| 出版信息: | 北京 清华大学出版社 2005.9 |
|
| 页数: | 207页 | |
| 开本: | 26cm | |
| 丛书名: | 高等院校信息与通信工程系列教材 | |
| 单 册: | ||
| 中图分类: | TN911.2-44 | |
| 科图分类: | ||
| 主题词: | 信息论--xin xi lun--高等学校--习题 | |
| 电子资源: | ||
| ISBN: | 7-302-11297-5 | |
| 000 | 01219nam0 2200337 450 | |
| 000 | 01238nam0 2200337 450 | |
| 000 | 01201nam0 2200325 450 | |
| 000 | 01158nam0 2200313 450 | |
| 000 | 01147nam0 2200313 450 | |
| 000 | 01110nam0 2200301 45 | |
| 001 | 012005000000 | |
| 005 | 20051214100924.55 | |
| 010 | @a7-302-11297-5@dCNY22.00 | |
| 100 | @a20051027d2005 em y0chiy0121 ea | |
| 101 | 0 | @achi |
| 102 | @aCN@b110000 | |
| 105 | @ay qz 000yy | |
| 200 | 1 | @a信息理论基础习题集@Axin xi li lun ji chu xi ti ji@f陈杰,徐华平,周荫清编著 |
| 210 | @a北京@c清华大学出版社@d2005.9 | |
| 215 | @a207页@d26cm | |
| 225 | 2 | @a高等院校信息与通信工程系列教材@Agao deng yuan xiao xin xi yu tong xin gong cheng xi lie jiao cai |
| 320 | @a有书目 | |
| 330 | @a本书共分七章,内容主要包括信息理论的统计度量、离散信道及其容量、无失真信源编码、有噪信道编码、限失真信源编码、连续信源和连续信道等。 | |
| 461 | 0 | @12001 @a高等院校信息与通信工程系列教材 |
| 606 | 0 | @a信息论@Axin xi lun@x高等学校@j习题 |
| 690 | @aTN911.2-44@v4 | |
| 701 | 0 | @a陈杰@Achen jie@4编著 |
| 701 | 0 | @a徐华平@Axu hua ping@4编著 |
| 701 | 0 | @a周荫清@Azhou yin qing@4编著 |
| 801 | 0 | @aCN@bSRXX@c20051214 |
| 905 | @a10447@dTN911.2-44@eC461 | |
| 信息理论基础习题集/陈杰,徐华平,周荫清编著.-北京:清华大学出版社,2005.9 |
| 207页;26cm.-(高等院校信息与通信工程系列教材) |
| ISBN 7-302-11297-5:CNY22.00 |
| 本书共分七章,内容主要包括信息理论的统计度量、离散信道及其容量、无失真信源编码、有噪信道编码、限失真信源编码、连续信源和连续信道等。 |
| ● |
| 相关链接 |
|
|
|
正题名:信息理论基础习题集
索取号:TN911.2-44/C461
 
预约/预借
| 序号 | 登录号 | 条形码 | 馆藏地/架位号 | 状态 | 备注 |
| 1 | 547986 | 205479864 | 自科库301/409社科库 56排6列4层/ [索取号:TN911.2-44/C461] | 在馆 | |
| 2 | 547987 | 205479873 | 自科库301/409社科库 56排6列4层/ [索取号:TN911.2-44/C461] | 在馆 | |
| 3 | 547988 | 205479882 | 自科库301/409社科库 56排6列4层/ [索取号:TN911.2-44/C461] | 在馆 |